• 首页
  • 本馆介绍
  • 公告通知
  • 最新文献
  • 馆藏检索
  • 电子资源
  • 读者导购
  • 参考咨询
  • 我的图书馆
  • 登录
  • 详细信息显示
  • 放入我的书架
  • 预约/预借图书
  • 作者相关作品
  • 分类相关作品
  • 丛书相关作品
  • 出版社相关作品

书目信息

  • 表格格式
  • 工作单格式
  • 卡片格式
题名:
海洋水产品加工与食品安全
    
 
作者: 朱蓓薇 , 薛长湖 主编
分册:  
出版信息: 北京   科学出版社  2016.07
页数: 380页
开本: 26cm
丛书名: 海洋生物资源开发利用高技术丛书
单 册:
中图分类: TS254.4 , TS201.6
科图分类:
主题词: 海产品--食品加工--研究 , 海产品--食品安全--研究
电子资源:
ISBN: 978-7-03-049348-4
000 01184oam2 2200301 450
001 4693
005 20181012160333.23
010    @a978-7-03-049348-4@dCNY150.00
100    @a20160920d2016 em y0chiy50 ea
101 0  @achi
102    @aCN@b110000
105    @aa z 000yy
200 1  @a海洋水产品加工与食品安全@9hai yang shui chan pin jia gong yu shi pin an quan@f朱蓓薇,薛长湖主编
210    @a北京@c科学出版社@d2016.07
215    @a380页@c图@d26cm
225 1  @a海洋生物资源开发利用高技术丛书@f焦炳华总编
312    @a封面英文题名:Marine aquatic products processing and food safety
330    @a本书详细阐述了我国海洋水产品加工业发展现状,海洋水产品保活与保鲜技术,鱼类、贝类、海参、海胆、藻类、虾蟹类、头足类的加工技术,以及海洋水产品质量与安全控制。
461  0 @12001 @a海洋生物资源开发利用高技术丛书
510 1  @aMarine aquatic products processing and food safety@zeng
606 0  @a海产品@x食品加工@x研究
606 0  @a海产品@x食品安全@x研究
690    @aTS254.4@v5
690    @aTS201.6@v5
701  0 @a朱蓓薇@9zhu bei wei@f(1957~)@4主编
701  0 @a薛长湖@9xue chang hu@f(1964~)@4主编
801  0 @aCN@b91MARC@c20161118
905    @aMuseLib@dTS254.4@e295
    
    海洋水产品加工与食品安全/朱蓓薇,薛长湖主编.-北京:科学出版社,2016.07
    380页:图;26cm.-(海洋生物资源开发利用高技术丛书/焦炳华总编)
    
    
    ISBN 978-7-03-049348-4:CNY150.00
    本书详细阐述了我国海洋水产品加工业发展现状,海洋水产品保活与保鲜技术,鱼类、贝类、海参、海胆、藻类、虾蟹类、头足类的加工技术,以及海洋水产品质量与安全控制。
●
相关链接 在E读中查询图书 在五车中查询图书 在当当中查询图书 在豆瓣中查询图书


正题名:海洋水产品加工与食品安全     索取号:TS254.4/295         预约/预借

序号 登录号 条形码 馆藏地/架位号 状态 备注
1 1126221   211262211   第二样本阅览室/ [索取号:TS254.4/295] 在馆    
2 1126222   211262220   第三借阅区/ [索取号:TS254.4/295] 在馆    
欢迎您!
大连网信软件有限公司© 版权所有